| 000 | 00531nam a22001817a 4500 | ||
|---|---|---|---|
| 005 | 20251108164052.0 | ||
| 008 | 250721s1985 xx 000 0 ara d | ||
| 082 | 1 | 4 | _a210.9/عنا |
| 100 | 1 | _aالعناني، أحمد | |
| 245 | 1 | 0 | _aأطول معارك التاريخ / |
| 264 | 1 |
_aالدوحة : _bمؤسسة الشرق للعلاقات العامة، _c1985. |
|
| 300 | _a187ص. | ||
| 650 | 1 | 7 | _aالإسلام |
| 650 | 1 | 7 | _aالتاريخ |
| 650 | 1 | 7 | _aالتاريخ الإسلامي |
| 942 |
_2ddc _cBK |
||
| 999 |
_c2820 _d2820 |
||